000 00314 a2200133 4500
001 153546
040 _cEscola São Tomás de Aquino
100 _aCOLASANTI, Marina
240 1 0 _aAna.Z Aonde você vai?
_lpor
245 1 0 _aAna.Z Aonde você vai?
362 0 _a1993
697 _a*LITERATURA JUVENIL
942 _cBK
999 _c153546
_d153546